Counselling in colleges (Record no. 6980)

MARC details
000 -LEADER
fixed length control field 00834 a2200217 4500
005 - DATE AND TIME OF LATEST TRANSACTION
control field 20080917111525.0
008 - FIXED-LENGTH DATA ELEMENTS--GENERAL INFORMATION
fixed length control field 080917t xxu||||| |||| 00| 0 eng d
010 ## - LCCN (DPL NO)
LC control number ENG-87782
020 ## - INTERNATIONAL STANDARD BOOK NUMBER
International Standard Book Number 8178802163
Terms of availability 800.00
035 ## - SYSTEM CONTROL NUMBER
System control number EN-71315
037 ## - SOURCE OF ACQUISITION
Source of stock number/acquisition DBAD / PUB
082 ## - DEWEY DECIMAL CLASSIFICATION NUMBER
Classification number 371.40711
100 ## - MAIN ENTRY--PERSONAL NAME
Personal name Saxena, Alka
245 ## - TITLE STATEMENT
Title Counselling in colleges
Statement of responsibility, etc by Alka Saxena
260 ## - PUBLICATION, DISTRIBUTION, ETC. (IMPRINT)
Place of publication, distribution, etc New Delhi
Name of publisher, distributor, etc Rajat Publications
Date of publication, distribution, etc 2006
270 ## - ADDRESS
Address 4675/21, Ansari Road, Daryaganj
City New Delhi
Postal code 110002
300 ## - PHYSICAL DESCRIPTION
Extent V, 311 p.
Dimensions 22 cm ( Hb.)
500 ## - GENERAL NOTE
General note Includes bibliograpgical references and index
942 ## - ADDED ENTRY ELEMENTS (KOHA)
Institution code [OBSOLETE] dpl
Item type English Books
Call number prefix 371.40711/SAX
Source of classification or shelving scheme Dewey Decimal Classification
Classification part 371.40711
Call number suffix SAX
Holdings
Withdrawn status Lost status Source of classification or shelving scheme Damaged status Not for loan Collection code Home library Current library Date acquired Cost, normal purchase price Total Checkouts Full call number Barcode Date last seen Copy number Cost, replacement price Koha item type
    Dewey Decimal Classification   Not For Loan Non-fiction D.B.Act.Division D.B.Act.Division 17/09/2008 800.00   371.40711 SAX EN-71315 15/09/2008 1 800.00 English Books

© Delhi Public Library
Hit Counter
free hit counter